000 00426nam a2200169Ia 4500
008 231221s9999 xx 000 0 und d
020 _a70620199
041 _aEnglish
082 _a001.42 COO;
100 _aCooper, Donald R. Schindler, Pamela S.
245 0 _aBusiness research methods
250 _a9th ed.
260 _c2006
_bTata McGraw-Hill
_aNew Delhi
300 _axxiii+757
300 _c44327
942 _cCD
999 _c203637
_d203637